zpět

Detail výsledku týmu

Stodola, Olomouc

Datum a čas kvízu

22 Celkem bodů Celkový počet nahraných bodů na tomto kvízu bez doplňovacích otázek.
12. Pořadí na kvízu Konečné umístění týmu na tomto kvízu.

Zaznamenané odpovědi

# Otázka Odpověď Body Výsledky
1. V pondělí jsme se dozvěděli, ž... nedodržení bezpečné vzdálenosti 0
2. Minulý týden bylo oznámeno obn... Moskvič 0
3. V úterý se v pražském Kině Luc... Král Šumavy 0
4. V pondělí, po pěti dnech letu,... Orion 0
5. Ve dvou úvodních zápasech kter... Polsko 1
6. V následujících pěti otázkách... C) 5,68 půllitrů 0
7. Která z následujících jednotek... B 0
8. Jaký odpor v ohmech má spotřeb... 20 Ω 0
9. Přiřaďte tyto jednotky k přísl... 1B 2C 3D 4A 1
10. Uzel je jednotka rychlosti pou... B 0